Normatividad Financiera y Fiscal de la Auditoria

Detalles Bibliográficos
Formato: eBook
Lenguaje:español
Materias:
Acceso en línea:Acceso restringido

MARC

LEADER 00000nam a22000007a 4500
005 20181031105619.0
007 cr|||| ||||
008 181031s2018 mx |||||s|||| 00||0 spa d
035 |a 22119 
040 |a vLex 
090 |c 8242  |d 8242 
245 0 0 |a Normatividad Financiera y Fiscal de la Auditoria  |h [Recurso electrn̤ico] / 
256 |a Servicio en ln̕ea 
300 |a 1 recurso electrn̤ico 
506 1 |a Disponible solo en los productos indicados  |d vLex Global  |d vLex Global (Academic Edition, excluding Law Schools)  |d vLex Global (U.S. Academic Edition, Law Schools)  |d vLex Global (U.S. Academic Edition, excluding Law Schools)  |d vLex Global (Academic Edition, Law Schools) 
650 0 4 |a Derecho Mercantil y de la Empresa  |z Mx̌ico 
740 0 |a vLex Libros (Servicio en ln̕ea) 
856 4 0 |u http://vlex.com/source/normatividad-financiera-fiscal-auditoria-22119  |z Acceso restringido 
942 |c BOOK 
999 0 |a Commercial and Company Law